[Event "Krefeld op"]
[Site "Krefeld"]
[Date "2023.08.06"]
[Round "9"]
[White "Holzwarth, Felix"]
[Black "Deider, Kevin"]
[Result "0-1"]
[WhiteElo "1583"]
[BlackElo "1773"]
[PlyCount "82"]
[EventDate "2023.08.02"]
[EventType "swiss"]
[EventRounds "9"]
[EventCountry "GER"]
[SourceTitle "CBM 215 Extra"]
[Source "ChessBase"]
[SourceDate "2023.09.30"]
[SourceVersion "1"]
[SourceVersionDate "2023.09.30"]
[SourceQuality "1"]

1. d4 Nf6 2. Bf4 c5 3. d5 d6 4. Nc3 e5 5. Bg5 Be7 6. Bxf6 Bxf6 7. e4 0-0 8. h4 a6 9. a4 Be7 10. Bd3 Qc7 11. Qe2 Nd7 12. Nf3 Nf6 13. Nd2 b6 14. f3 Nh5 15. Qf2 Bd7 16. Ne2 b5 17. c3 Rfb8 18. g4 Nf4 19. Nxf4 exf4 20. a5 Bf6 21. Nb1 c4 22. e5 Bxe5 23. Be4 b4 24. Qc2 g6 25. h5 Be8 26. hxg6 fxg6 27. cxb4 Rxb4 28. Nc3 Rab8 29. Ra2 Qg7 30. Ke2 Qa7 31. Re1 Qb7 32. Rb1 Rb3 33. Nd1 c3 34. Ra3 Rxa3 35. bxa3 Qxb1 36. Qxb1 Rxb1 37. Bxb1 Ba4 38. Nxc3 Bxc3 39. Bd3 Bxa5 40. Bxa6 Bb3 41. Bb7 Bc4+ 0-1

[Event "Krefeld op"]
[Site "Krefeld"]
[Date "2023.08.03"]
[Round "2"]
[White "Deider, Kevin"]
[Black "Bruens, Thilo"]
[Result "1-0"]
[WhiteElo "1773"]
[BlackElo "1763"]
[PlyCount "89"]
[EventDate "2023.08.02"]
[EventType "swiss"]
[EventRounds "9"]
[EventCountry "GER"]
[SourceTitle "CBM 215 Extra"]
[Source "ChessBase"]
[SourceDate "2023.09.30"]
[SourceVersion "1"]
[SourceVersionDate "2023.09.30"]
[SourceQuality "1"]

1. e4 c5 2. Nf3 g6 3. c3 d5 4. e5 Bg7 5. d4 cxd4 6. cxd4 Nc6 7. h3 a6 8. Nc3 f6 9. Bf4 Bf5 10. Qb3 e6 11. Qxb7 Nge7 12. exf6 Bxf6 13. Bxa6 0-0 14. Rd1 e5 15. Nxe5 Bxe5 16. Bxe5 Nxe5 17. dxe5 Rb8 18. Nxd5 Qa5+ 19. b4 Rxb7 20. bxa5 Ra7 21. Nxe7+ Rxe7 22. f4 Be6 23. 0-0 Ra7 24. Rd6 Bxa2 25. e6 Rxa6 26. Rxa6 Bc4 27. e7 Re8 28. Rd6 Bxf1 29. Kxf1 Rxe7 30. a6 Kg7 31. Kf2 Re4 32. Kf3 Ra4 33. g4 Ra3+ 34. Ke4 Rxh3 35. Rd3 Rh1 36. Ra3 Re1+ 37. Kd3 Re8 38. a7 Ra8 39. Kc4 Kf6 40. Ra6+ Ke7 41. Kb5 Kd8 42. Kb6 Kc8 43. Ra1 h5 44. gxh5 gxh5 45. Rh1 1-0

[Event "Maastricht Limburg op-C 8th"]
[Site "Maastricht"]
[Date "2014.06.09"]
[Round "7"]
[White "Deider, Kevin"]
[Black "Van der Hoeven, Carsten"]
[Result "0-1"]
[WhiteElo "1057"]
[BlackElo "1366"]
[PlyCount "66"]
[EventDate "2014.06.06"]
[EventType "swiss"]
[EventRounds "7"]
[EventCountry "NED"]
[SourceTitle "EXT 2015"]
[Source "ChessBase"]
[SourceDate "2014.11.20"]
[SourceVersion "1"]
[SourceVersionDate "2014.11.20"]
[SourceQuality "1"]

1. e4 d6 2. d4 Nf6 3. Nc3 g6 4. Bc4 Bg7 5. Nf3 Nbd7 6. Bxf7+ Kxf7 7. Ng5+ Kg8 8. Ne6 Qe8 9. Nxc7 Qd8 10. Nxa8 e5 11. d5 Nc5 12. Bg5 Bd7 13. Qf3 Kf7 14. Bxf6 Bxf6 15. h4 Qxa8 16. h5 Qc8 17. hxg6+ hxg6 18. Rxh8 Qxh8 19. 0-0-0 Qh6+ 20. Kb1 b5 21. Ne2 a5 22. a3 b4 23. axb4 axb4 24. Ng3 Qg5 25. Qe2 b3 26. cxb3 Nxb3 27. Qc2 Ba4 28. Qc7+ Be7 29. Rh1 Qd2 30. Rh7+ Kg8 31. Rh1 Nd4 32. Qxe7 Bc2+ 33. Ka2 Qa5# 0-1

[Event "Maastricht Limburg op-C 8th"]
[Site "Maastricht"]
[Date "2014.06.07"]
[Round "2"]
[White "Deider, Kevin"]
[Black "Boesmans, Peter"]
[Result "1-0"]
[WhiteElo "1057"]
[BlackElo "1390"]
[PlyCount "100"]
[EventDate "2014.06.06"]
[EventType "swiss"]
[EventRounds "7"]
[EventCountry "NED"]
[SourceTitle "EXT 2015"]
[Source "ChessBase"]
[SourceDate "2014.11.20"]
[SourceVersion "1"]
[SourceVersionDate "2014.11.20"]
[SourceQuality "1"]

1. e4 e5 2. Nc3 Bc5 3. Bc4 Nf6 4. d3 d6 5. f4 Ng4 6. f5 Nf2 7. Qh5 0-0 8. Nf3 Nxh1 9. Ng5 h6 10. Nxf7 Qh4+ 11. Qxh4 Bf2+ 12. Qxf2 Nxf2 13. Kxf2 Rxf7 14. Bxf7+ Kxf7 15. Nb5 Na6 16. Be3 b6 17. g4 Bd7 18. Nc3 Rh8 19. h4 Nb4 20. Rc1 g5 21. a3 Na6 22. hxg5 hxg5 23. Bxg5 Rg8 24. Bh6 Rxg4 25. Rg1 Rxg1 26. Kxg1 Nc5 27. Kf2 Na4 28. Nxa4 Bxa4 29. b3 Be8 30. Ke3 Kf6 31. d4 exd4+ 32. Kxd4 Bf7 33. c4 c5+ 34. Ke3 Bh5 35. Bf8 Bd1 36. Bxd6 Bxb3 37. Kd3 a6 38. Bc7 b5 39. cxb5 axb5 40. Bd6 c4+ 41. Kd4 Bd1 42. Bb4 Bh5 43. Kc5 Be8 44. Kd6 Bf7 45. Bc3+ Kg5 46. Ke7 Bh5 47. f6 Kf4 48. e5 Ke4 49. f7 Bxf7 50. Kxf7 Kd3 1-0